000 02260nab a2200253 a 4500
005 20210219163100.0
008 991125s1985 mx 000 0 spa u
035 _aUPN01000216071
049 _aART
100 1 _aCalderón Cisneros, Araceli
100 1 _uaracalcis@yahoo.com.mx
222 0 _aESTUDIOS SOCIALES : REVISTA DE INVESTIGACION CIENTIFICA
245 0 0 _aAgricultura urbana familiar en una ciudad media en Chiapas :
_bimplicaciones para la sustentabilidad urbana
260 _aHermosillo, México
300 _a101-129
362 0 _a2016 Volumen 26, número 48, julio-diciembre
520 3 _aLa investigación tuvo por objetivo analizar cuál es el papel de la agricultura urbana familiar en la construcción de la sustentabilidad en una ciudad media, tomando como caso de estudio a San Cristóbal de Las Casas en Chiapas. La metodología se basó en el diseño de una investigación cualitativa, basada principalmente en entrevistas abiertas y estructuradas, que permitiera abordar la sustentabilidad de la agricultura urbana desde la perspectiva de la resiliencia socioecológica. En el trabajo se encontraron los siguientes resultados: los sistemas agrícolas visitados presentan características que favorecen la resiliencia y la sustentabilidad en la ciudad: las familias cultivan hortalizas, frutales y otras plantas comestibles, y crían animales menores, optimizando el espacio, fuerza de trabajo y tiempo disponible. Predomina un bajo uso de insumos externos y químicos, el aprovechamiento y reciclaje de residuos domésticos, y el manejo germoplasma local. La limitación que se detectó fue que, aunque el aporte de la propia producción al consumo familiar es muy bajo, existen motivaciones alimentarias, ambientales y socio-culturales que animan su continuidad. Se concluye que el aporte de la agricultura urbana para la sustentabilidad en las ciudades medias, tiene como base las experiencias productivas y recursos locales, considerando su vinculación regional
653 0 _aAGRICULTURA URBANA FAMILIAR
653 0 _aSAN CRISTOBAL DE LAS CASAS, CHIAPAS
653 0 _aRESILIENCIA SOCIOECOLOGICA
653 0 _aSUSTENTABILIDAD URBANA
856 4 _uhttp://www.redalyc.org/articulo.oa?id=41746402004
905 _aArticulo
999 _c188171
_d188171